Geography Quiz

Random Geography or State Quiz

Eastern Europe and former USSR States and Capitals Quiz Stats

Quiz not verified by Sporcle

Also try: Southern Countries
Challenge
Share
Tweet
/Users/maxrosenberg/Documents/eastern europe countries.pdf
Score 0/29 Timer 10:00
0 Plays Today
Corresponding Number Country % Correct
1Poland warsaw
100%
2Czech Republic Prague
78%
3Slovakia Bratislava
75.6%
4Hungary Budapest
75.6%
5Croatia Zagreb
73.2%
6Slovenia Ljubljana
73.2%
7Bosnia and Herzegovina Sarajevo
70.7%
8Serbia Belgrade
70.7%
9Romania Bucharest
70.7%
10Bulgaria Sofia
70.7%
11Montenegro Podgorica
70.7%
12Macedonia Skopje
70.7%
13Albania Tirane
70.7%
14Kosovo Pristina
70.7%
15Russia Moscow
61%
Corresponding Number Country % Correct
16Kazakhstan Astana
61%
17Turkmenistan Ashgabat
61%
18Uzbekistan Tashkent
58.5%
19Tajikistan Dushanbe
58.5%
20Kyrgyzstan Bishkek
58.5%
21Azerbaijan Baku
53.7%
22Armenia Yerevan
53.7%
23Georgia Tbilisi
51.2%
24Ukraine Kyiv
48.8%
25Moldova Chisinau
46.3%
26Belarus Minsk
41.5%
27Lithuania Vilnius
36.6%
28Latvia Riga
34.1%
29Estonia Tallinn
34.1%

You're not logged in!

Compare scores with friends on all Sporcle quizzes.
Sign Up with Email
OR
Log In

You Might Also Like...

Show Comments

Extras

Top Quizzes Today


Score Distribution

Your Account Isn't Verified!

In order to create a playlist on Sporcle, you need to verify the email address you used during registration. Go to your Sporcle Settings to finish the process.

Report this User

Report this user for behavior that violates our Community Guidelines.

Details: